Report on the pilot survey of distributive trade (Record no. 497875)

000 -LEADER
fixed length control field 00352cam a22001097a 4500
008 - FIXED-LENGTH DATA ELEMENTS--GENERAL INFORMATION
fixed length control field 180718b1972 xxu||||| |||| 00| 0 eng d
082 ## - DEWEY DECIMAL CLASSIFICATION NUMBER
Classification number T34x5461 D378
245 ## - TITLE STATEMENT
Title Report on the pilot survey of distributive trade
Statement of responsibility, etc. by Bureau of Econmics & Statistics, India
260 ## - PUBLICATION, DISTRIBUTION, ETC.
Place of publication, distribution, etc. Delhi
Name of publisher, distributor, etc.
Date of publication, distribution, etc. 1972
300 ## - PHYSICAL DESCRIPTION
Extent 94p
700 ## - ADDED ENTRY--PERSONAL NAME
Personal name India. Bureau of Econmics & Statistics
Holdings
Withdrawn status Lost status Damaged status Not for loan Permanent Location Current Location Date acquired Full call number Barcode Date last seen Price effective from Koha item type
        Indian Institute of Public Administration Indian Institute of Public Administration 2018-08-04 T34x5461 D378 GG19977 2018-08-04 2018-08-04 GG

Powered by Koha